| 000 | 00648nam a22002057a 4500 | ||
|---|---|---|---|
| 005 | 20251108164850.0 | ||
| 008 | 250721s2000 xx 000 0 ara d | ||
| 082 | 1 | 4 | _aط/ق/أمي |
| 100 | 1 | _aحوراني، رجا | |
| 245 | 1 | 0 | _aالأميرة و حبة الفول / |
| 264 | 1 |
_aبيروت : _bمكتبة لبنان ناشرون، _c2000. |
|
| 300 | _a50ص.مص. | ||
| 490 | 0 | _aالحكايات المحبوبة | |
| 650 | 1 | 7 | _aادب الاطفال |
| 650 | 1 | 7 | _aالادب القصصي |
| 653 | _aاطفال مرحله متوسطه (6-9) سنوات | ||
| 700 | 1 |
_aونتر، أريك _eرسام |
|
| 942 |
_2ddc _cBK |
||
| 999 |
_c16198 _d16198 |
||